South Slavic Countries - Statistics

General Stats
  • This quiz has been taken 780 times
    378 since last reset
  • The average score is 7 of 7
Answer Stats
Country % Correct
Croatia
99%
Serbia
98%
Bosnia and Herzegovina
97%
Slovenia
97%
North Macedonia
96%
Bulgaria
95%
Montenegro
94%
No matching quizzes found
Score Distribution
Percent of People with Each Score
Percentile by Number Answered
Your Score History
You have not taken this quiz since the last reset